Matilda / (Registro nro. 13311)

Detalles MARC
000 -LIDER
fixed length control field 01029nam a22003737a 4500
003 - IDENTIFICACDOR DE NÚMERO DE CONTROL
control field DO-SdBNP
005 - DATE AND TIME OF LATEST TRANSACTION
control field 20180219154528.0
008 - ELEMENTOS DE LONGITUD FIJA
fixed length control field 180219b 1993 sp a 00| 0 spa d
015 ## - NÚMERO DENTRO DE LA BIBLIOGRAFÍA NACIONAL
National bibliography number
017 ## - NÚMERO DE REGISTRO DE DERECHOS DE AUTOR
Copyright or legal deposit number
Assigning agency
020 ## - ISBN
International Standard Book Number 9788420447926
035 ## - NÚMERO LOCAL
System control number
040 ## - FUENTE DE CATALOGACIÓN
Agencia que crea de manera original el registro BPMSU
Idioma de catalogación spa
Agencia que realiza la transcripción BPMSU
Convenciones de la despripción
041 ## - CÓDIGOS DE OBRAS TRADUCIDAS O EN VARIOS IDIOMAS
Código del idioma del texto hablado
082 #4 - NÚMERO DE CLASIFICACIÓN DECIMAL DE DEWEY
Classification number xxxx
Item number xxxx
084 ## - OTRO NÚMERO DE CLASIFICACIÓN
Classification number
Number source
100 1# - ASIENTO PRINCIPAL -- NOMBRE PERSONAL
Nombre personal Dahl, Roald
245 10 - MENCIÓN DE TITULO
Título Matilda /
Mención de responsabilidad Roald Dahl ; traducción Pedro Barbadillo ; ilustración Quentin Blake
250 ## - MENCIÓN DE EDICION
Mención de edición 2a ed.
260 ## - PUBLICACIÓN, DISTRIBUCIÓN, ETC. (PIE DE IMPRENTA)
Lugar de publicación, distribución, etc Barcelona :
Nombre del editor, distribuidor, etc. Alfaguara,
Fecha de publicación, distribución, etc 1988.
Fecha de impresión (10a reimpresión 1996).
300 ## - DESCRIPCIÓN FÍSICA
Extensión 230 p. :
Otros detalles físicos il. ;
Dimensiones 30 cm.
Material complementario
336 ## - CONTENT TYPE
Content type term Música (interpretada)
Source isbdcontent
337 ## - MEDIA TYPE
Media type term audio
Source isbdmedia
490 1# - MENCIÓN DE SERIES
Mención de serie Infantil . Juvenil
500 ## - NOTA GENERAL
Nota general
511 1# - PARTICIPANT OR PERFORMER NOTE
Participant or performer note
650 #7 - ENCABEZAMIENTO DE MATERIA--TEMÁTICO
Término temático o nombre geográfico como elemento de entrada Música pop
Fuente del encabezamiento o término embne
700 1# - ASIENTO SECUNDARIO -- NOMBRE PERSONAL
Nombre personal Barbadillo, Pedro,
Mención de responsabilidad tr.
700 1# - ASIENTO SECUNDARIO -- NOMBRE PERSONAL
Nombre personal Blake, Quentin,
Mención de responsabilidad il.l
830 #0 - ASIENTO SECUNDARIO DE SERIE--TÍTULO UNIFORME
Título uniforme Infantil . Juvenil
942 ## - ADDED ENTRY ELEMENTS (KOHA)
Source of classification or shelving scheme Dewey Decimal Classification
Koha item type Libros
945 ## - INFORMACIÓN DE PROCESAMIENTO LOCAL
Información de procesamiento local Inventariado, 2018 / BT
956 ## - LOCAL ELECTRONIC LOCATION AND ACCESS (OCLC)
Nombre de host BTAVAREZ
Número de acceso 10
Trayectoria 20180219
Nombre Electrónico BPMSU
Procesador de solicitud 0038
Existencias
Withdrawn status Lost status Source of classification or shelving scheme Damaged status Not for loan Collection code Home library Current library Date acquired Source of acquisition Total Checkouts Full call number Barcode Date last seen Price effective from Koha item type
    Dewey Decimal Classification     Colección Infantil General Biblioteca Pública Metropolitana Salomé Ureña Biblioteca Pública Metropolitana Salomé Ureña 02/19/2018 FUNDI   xxxx xxxx BPMSU18020175 02/19/2018 02/19/2018 Libros